| 000 | 00537nam a22002057a 4500 | ||
|---|---|---|---|
| 003 | koha_MIRAKIL | ||
| 005 | 20231213100235.0 | ||
| 008 | 231213b |||||||| |||| 00| 0 ||| d | ||
| 020 | _b978-9-75403216-1 | ||
| 040 |
_aTR-IsEVY _btur _cTR-IsEVY |
||
| 082 | _a629.22 OTO | ||
| 100 | _açev. T.Tezer Sabuncuoğlu | ||
| 245 | 0 | _aOtomobil çağı = Eyewitness visual dictionary of cars | |
| 250 | _a2. bs. | ||
| 260 |
_bTÜBİTAK, _c2001 |
||
| 300 | _a64 s. | ||
| 650 | _aAutomobiles. | ||
| 650 | _aCarburetors. | ||
| 942 |
_2ddc _cBK |
||
| 999 |
_c16796 _d16796 |
||